MARC details
| 000 -LEADER |
| campo de control de longitud fija |
01478nam a2200385 i 4500 |
| 001 - NÚMERO DE CONTROL |
| campo de control |
193861 |
| 003 - IDENTIFICADOR DE NÚMERO DE CONTROL |
| campo de control |
SpMaBN |
| 005 - FECHA Y HORA DE LA ÚLTIMA TRANSACCIÓN |
| campo de control |
20250829051600.0 |
| 008 - DATOS DE LONGITUD FIJA--INFORMACIÓN GENERAL |
| campo de control de longitud fija |
181001s2018 sp a | |||| 001 0bspa |
| 015 ## - NÚMERO DE BIBLIOGRAFÍA NACIONAL |
| Número de bibliografía nacional |
MON18 |
| 017 ## - NÚMERO DE COPYRIGHT O DE DEPÓSITO LEGAL |
| Número de copyright o de depósito legal |
M 4344-2018 |
| Agencia que asigna |
Oficina Depósito Legal Madrid |
| 020 ## - NÚMERO INTERNACIONAL ESTÁNDAR DEL LIBRO |
| Número Internacional Estándar del Libro |
9788491642817 |
| 035 ## - NÚMERO DE CONTROL DEL SISTEMA |
| Número de control de sistema |
(OCoLC)1117393533 |
| 040 ## - FUENTE DE CATALOGACIÓN |
| Centro catalogador/agencia de origen |
SpMaBN |
| Lengua de catalogación |
spa |
| Centro/agencia transcriptor |
SpMaBN |
| Normas de descripción |
rda |
| 080 ## - NÚMERO DE LA CLASIFICACIÓN DECIMAL UNIVERSAL |
| Número de la Clasificación Decimal Universal |
94(460)"1621/65" |
| 100 1# - ENTRADA PRINCIPAL--NOMBRE DE PERSONA |
| Nombre de persona |
Alvar Ezquerra, Alfredo, |
| Fechas asociadas al nombre |
1960- |
| Término indicativo de función/relación |
Autor |
| 9 (RLIN) |
20585 |
| 245 10 - MENCIÓN DEL TÍTULO |
| Título |
Felipe IV. El Grande / |
| Mención de responsabilidad, etc. |
Alfredo Alvar Ezquerra. |
| 250 ## - MENCION DE EDICION |
| Mención de edición |
Segunda edición: noviembre de 2018 |
| 264 #1 - PRODUCCIÓN, PUBLICACIÓN, DISTRIBUCIÓN, FABRICACIÓN Y COPYRIGHT |
| Producción, publicación, distribución, fabricación y copyright |
Madrid : |
| Nombre del de productor, editor, distribuidor, fabricante |
La Esfera de los Libros, |
| Fecha de producción, publicación, distribución, fabricación o copyright |
[2018]. |
| 264 #4 - PRODUCCIÓN, PUBLICACIÓN, DISTRIBUCIÓN, FABRICACIÓN Y COPYRIGHT |
| Fecha de producción, publicación, distribución, fabricación o copyright |
©2018 |
| 300 ## - DESCRIPCIÓN FÍSICA |
| Extensión |
692 páginas, 48 páginas de láminas sin numerar (blanco y negro y color) : |
| Dimensiones |
25 cm. |
| 336 ## - TIPO DE CONTENIDO |
| Término de tipo de contenido |
Texto |
| Fuente |
rdacontent |
| 337 ## - TIPO DE MEDIO |
| Nombre/término del tipo de medio |
sin mediación |
| Fuente |
rdamedia |
| 338 ## - TIPO DE SOPORTE |
| Nombre/término del tipo de soporte |
volumen |
| Fuente |
rdacarrier |
| 504 ## - NOTA DE BIBLIOGRAFÍA, ETC. |
| Nota de bibliografía, etc. |
Bibliografía: páginas 647-668. Índice |
| 600 04 - PUNTO DE ACCESO ADICIONAL DE MATERIA--NOMBRE DE PERSONA |
| Nombre de persona |
Felipe |
| Numeración |
IV, |
| Títulos y otros términos asociados al nombre |
Rey de España |
| Fuente del encabezamiento o término |
embne |
| 9 (RLIN) |
49181 |
| 651 #4 - PUNTO DE ACCESO ADICIONAL DE MATERIA--NOMBRE GEOGRÁFICO |
| Nombre geográfico |
España- |
| Subdivisión general |
Historia- |
| Subdivisión cronológica |
1621-1665, Felipe IV |
| Fuente del encabezamiento o término |
embne |
| 9 (RLIN) |
8235 |
| 655 #0 - TERMINO DE INDIZACIÓN--GENERO/FORMA |
| Datos o término principal de género/forma |
Biografías |
| 9 (RLIN) |
176647 |
| 852 ## - LOCALIZACIÓN |
| Ubicación |
ES-MaACL |
| Sublocalización o colección |
R.154961 |
| Ubicación en estantería |
Depósito J |
| Número de control de estantería |
N-9739 |
| Encuadernación |
Encuadernación cartoné con sobrecubierta |
| Donativo/Legado |
Donación: Alfredo Alvar Ezquerra |
| itemnumber |
205406 |
| 903 ## - NOMBRE PERSONAL DE DONANTE |
| a |
Alvar Ezquerra, Alfredo, |
| d |
1960- |
| e |
Donante |
| 9 |
20585 |
| 942 ## - ELEMENTOS DE ENTRADA SECUNDARIOS (KOHA) |
| Tipo de ítem Koha |
Libro impreso |
| Suprimir en OPAC |
No |